| 000 | 00430nam a2200181Ia 4500 | ||
|---|---|---|---|
| 001 | 23168 | ||
| 005 | 20260414150919.0 | ||
| 008 | 260414t2017||||xx |||||||||||||| ||spa|| | ||
| 041 | _aESP | ||
| 082 |
_a625.7 _bB45 |
||
| 100 |
_aBerardo, María G. _eAUT |
||
| 245 | 0 |
_aManual de diseño geométrico vial _b |
|
| 260 | _c2017 | ||
| 300 |
_a551 páginas : _c25 cm. |
||
| 650 | _a0 | ||
| 654 | _aCIC | ||
| 942 |
_cLIB _dJUS _fJUS _2ddc _n |
||
| 999 |
_c23168 _d23168 |
||